[Event "Mittelfranken-chTB2a 1213"]
[Site "Germany"]
[Date "2012.10.07"]
[Round "6.7"]
[White "Koch, Walter1111"]
[Black "Yarsev, Alexander"]
[Result "1/2-1/2"]
[WhiteElo "1814"]
[BlackElo "1714"]
[PlyCount "47"]
[EventDate "2012.10.07"]
[EventType "team-tourn"]
[EventRounds "9"]
[EventCountry "GER"]
[SourceTitle "EXT 2019"]
[Source "ChessBase"]
[SourceDate "2018.10.10"]
[SourceVersion "1"]
[SourceVersionDate "2018.10.10"]
[SourceQuality "1"]
[WhiteTeam "Cadolzburg"]
[BlackTeam "Nuernberg NT V"]
[WhiteTeamCountry "GER"]
[BlackTeamCountry "GER"]

1. e4 c5 2. Nf3 d6 3. d4 cxd4 4. Nxd4 Nf6 5. Nc3 a6 6. Bg5 e6 7. Be2 Nbd7 8. 0-0 h6 9. Bh4 g5 10. Bg3 b5 11. Nxe6 fxe6 12. Bh5+ Nxh5 13. Qxh5+ Ke7 14. Rad1 Qb6 15. Rxd6 Qc5 16. Qg6 Ne5 17. Bxe5 Qxe5 18. Rfd1 Qxd6 19. Rxd6 Kxd6 20. Qf6 Rg8 21. Qf7 Rh8 22. Qf6 Rg8 23. Qf7 Rh8 24. Qf6 1/2-1/2

[Event "Nuremberg Zabo op 14th"]
[Site "Nuremberg"]
[Date "2012.09.14"]
[Round "1.50"]
[White "Yarsev, Alexander"]
[Black "Held, Werner"]
[Result "1-0"]
[WhiteElo "1718"]
[BlackElo "1169"]
[PlyCount "47"]
[EventDate "2012.09.14"]
[EventType "swiss"]
[EventRounds "5"]
[EventCountry "GER"]
[SourceTitle "EXT 2022"]
[Source "ChessBase"]
[SourceDate "2021.10.06"]
[SourceVersion "1"]
[SourceVersionDate "2021.10.06"]
[SourceQuality "1"]

1. e4 e5 2. Nf3 Nc6 3. Bb5 Nge7 4. 0-0 d6 5. d4 a6 6. Ba4 b5 7. Bb3 Bg4 8. dxe5 Nxe5 9. Nxe5 dxe5 10. Qxg4 f6 11. Rd1 Qc8 12. Be6 Qb7 13. Bd7+ Kf7 14. Qe6+ Kg6 15. Nc3 h6 16. Nd5 Nxd5 17. Qf5+ Kf7 18. Be6+ Ke7 19. Rxd5 Rd8 20. Qg6 Rxd5 21. exd5 Kd6 22. Qe8 Qb6 23. Qd7+ Kc5 24. Be3+ 1-0

[Event "Seebach op 23rd"]
[Site "Grossenseebach"]
[Date "2012.06.08"]
[Round "3"]
[White "Yarsev, Alexander"]
[Black "Van Ginkel, Pieter"]
[Result "1/2-1/2"]
[WhiteElo "1731"]
[BlackElo "2149"]
[PlyCount "52"]
[EventDate "2012.06.07"]
[EventType "swiss"]
[EventRounds "7"]
[EventCountry "GER"]
[SourceTitle "EXT 2013"]
[Source "ChessBase"]
[SourceDate "2012.11.22"]
[SourceVersion "1"]
[SourceVersionDate "2012.11.22"]
[SourceQuality "1"]

1. d4 d5 2. Nf3 c5 3. e3 Nc6 4. b3 Bg4 5. Bb2 e6 6. Be2 Nf6 7. 0-0 Be7 8. Ne5 Bxe2 9. Qxe2 0-0 10. Nxc6 bxc6 11. dxc5 Bxc5 12. Nd2 Qe7 13. c4 a5 14. Nf3 a4 15. Ne5 Rfc8 16. Rac1 Qb7 17. Nd3 Be7 18. bxa4 Nd7 19. cxd5 exd5 20. Rb1 Qa7 21. a5 Qxa5 22. Bxg7 Nf8 23. Bxf8 Bxf8 24. Qg4+ Bg7 25. Nf4 Qa4 26. Qg3 Qe4 1/2-1/2

[Event "Mittelfranken-chTB2a 1112"]
[Site "Germany"]
[Date "2012.03.25"]
[Round "9.7"]
[White "Yarsev, Alexander"]
[Black "Hollmann, Thomas"]
[Result "1/2-1/2"]
[WhiteElo "1571"]
[BlackElo "1450"]
[PlyCount "68"]
[EventDate "2011.09.25"]
[EventType "team-tourn"]
[EventRounds "9"]
[EventCountry "GER"]
[SourceTitle "EXT 2018"]
[Source "ChessBase"]
[SourceDate "2017.10.13"]
[SourceVersion "1"]
[SourceVersionDate "2017.10.13"]
[SourceQuality "1"]
[WhiteTeam "Nuernberg NT V"]
[BlackTeam "Buechenbach/Roth III"]
[WhiteTeamCountry "GER"]
[BlackTeamCountry "GER"]

1. e4 e6 2. d4 d5 3. Nd2 c5 4. exd5 Qxd5 5. dxc5 Bxc5 6. Ngf3 Nf6 7. Bd3 Nc6 8. 0-0 0-0 9. Nb3 Rd8 10. Nxc5 Qxc5 11. Bg5 Qe7 12. Qe2 Nd4 13. Nxd4 Rxd4 14. Rad1 h6 15. c3 Rd8 16. Bh4 Bd7 17. Rd2 Bc6 18. Rfd1 g5 19. Bg3 Rd7 20. h4 Nd5 21. Qh5 Qf6 22. c4 Nb6 23. hxg5 Qxg5 24. Qxg5+ hxg5 25. Be5 Rad8 26. Bf6 Nxc4 27. Bxd8 Nxd2 28. Rxd2 Rxd8 29. Bh7+ Kxh7 30. Rxd8 Kg6 31. g3 f5 32. Kf1 f4 33. gxf4 gxf4 34. Ke2 Kf5 1/2-1/2

[Event "Landesliga U20 Nord 1112"]
[Site "Bayern"]
[Date "2012.01.21"]
[Round "5.2"]
[White "Yarsev, Alexander"]
[Black "Quaschner, Manuel"]
[Result "1-0"]
[WhiteElo "1569"]
[BlackElo "1838"]
[PlyCount "39"]
[EventDate "2011.11.12"]
[EventType "team-tourn"]
[EventRounds "7"]
[EventCountry "GER"]
[SourceTitle "EXT 2022"]
[Source "ChessBase"]
[SourceDate "2021.10.06"]
[SourceVersion "1"]
[SourceVersionDate "2021.10.06"]
[SourceQuality "1"]
[WhiteTeam "Nuernberg NT U20"]
[BlackTeam "Grossenseebach U20"]
[WhiteTeamCountry "GER"]
[BlackTeamCountry "GER"]

1. d4 g6 2. e4 Bg7 3. Be3 d6 4. Nc3 Nd7 5. f3 e5 6. Nge2 Ngf6 7. Qd2 0-0 8. 0-0-0 c6 9. Bh6 Qa5 10. Bxg7 Kxg7 11. g4 Nb6 12. Ng3 Na4 13. Nxa4 Qxa4 14. a3 b5 15. h4 a5 16. h5 b4 17. hxg6 fxg6 18. dxe5 dxe5 19. Bc4 bxa3 20. Qh6+ 1-0

[Event "GER-chT U14"]
[Site "Magdeburg"]
[Date "2010.12.29"]
[Round "6.3"]
[White "Kramer, Julian"]
[Black "Yarsev, Alexander"]
[Result "1-0"]
[WhiteElo "1816"]
[BlackElo "1495"]
[PlyCount "109"]
[EventDate "2010.12.27"]
[EventType "team-swiss"]
[EventRounds "7"]
[EventCountry "GER"]
[SourceTitle "CBM 140 Extra"]
[Source "ChessBase"]
[SourceDate "2011.03.01"]
[SourceVersion "1"]
[SourceVersionDate "2011.03.01"]
[SourceQuality "1"]
[WhiteTeam "Hamburger SK"]
[BlackTeam "Nuernberg NT"]
[WhiteTeamCountry "GER"]
[BlackTeamCountry "GER"]

1. e4 c5 2. Nf3 Nc6 3. d4 cxd4 4. Nxd4 e5 5. Nb5 d6 6. N1c3 a6 7. Na3 Nf6 8. Bg5 b5 9. Nd5 Be7 10. Bxf6 Bxf6 11. c3 Bg5 12. Nc2 Be6 13. Ncb4 Nxb4 14. Nxb4 0-0 15. Be2 Kh8 16. 0-0 f5 17. Bd3 f4 18. Be2 Qf6 19. Bg4 Bxg4 20. Qxg4 f3 21. Nd5 Qg6 22. gxf3 Rf7 23. Kh1 Raf8 24. Rg1 Rxf3 25. Qxg5 Rxf2 26. Qxg6 hxg6 27. Ne7 Kh7 28. Nxg6 R8f6 29. Ne7 Rxb2 30. Rg2 Rff2 31. Rag1 g6 32. Rxf2 Rxf2 33. Rxg6 Rxa2 34. Rxd6 Rc2 35. Rxa6 Rxc3 36. Rb6 Rc4 37. Nd5 Kg7 38. Rxb5 Rxe4 39. Rb6 Re1+ 40. Kg2 Re2+ 41. Kg3 Rd2 42. Ne3 Rd3 43. Kf3 Rd2 44. Ng4 Rd3+ 45. Ke4 Rh3 46. Kxe5 Rh4 47. Kf5 Rh3 48. Kg5 Rh8 49. Rb7+ Kg8 50. Rb8+ Kg7 51. Rxh8 Kxh8 52. Kg6 Kg8 53. Ne5 Kh8 54. Nf7+ Kg8 55. h4 1-0

[Event "Nuremberg LGA Cup 6th"]
[Site "Nuremberg"]
[Date "2009.09.05"]
[Round "5"]
[White "Dreiseitel, Ursula"]
[Black "Yarsev, Alexander"]
[Result "0-1"]
[WhiteElo "1588"]
[BlackElo "1414"]
[PlyCount "100"]
[EventDate "2009.09.03"]
[EventType "swiss"]
[EventRounds "7"]
[EventCountry "GER"]
[SourceTitle "CBM 132 Extra"]
[Source "ChessBase"]
[SourceDate "2009.11.03"]
[SourceVersion "1"]
[SourceVersionDate "2009.11.03"]
[SourceQuality "1"]

1. d4 f5 2. c4 Nf6 3. Nc3 e6 4. Nf3 Be7 5. Bg5 0-0 6. e3 b6 7. Be2 Bb7 8. 0-0 d5 9. cxd5 Nxd5 10. Bxe7 Qxe7 11. Ne5 Nd7 12. Nxd7 Qxd7 13. Rc1 Qe7 14. Re1 Rac8 15. Bf3 Nxc3 16. Rxc3 Bxf3 17. Qxf3 Qb4 18. Qe2 c5 19. Rc4 Qa5 20. b3 cxd4 21. exd4 Qd5 22. Qxe6+ Qxe6 23. Rxe6 Rxc4 24. bxc4 Rc8 25. c5 bxc5 26. dxc5 Rxc5 27. f3 Ra5 28. Re2 Ra3 29. Kf2 Kf7 30. h4 g5 31. hxg5 Kg6 32. f4 h6 33. gxh6 Kxh6 34. Kg1 Kh5 35. Kh2 Kg4 36. Rf2 Ra4 37. g3 Ra3 38. Rg2 Rf3 39. Rg1 a5 40. Rg2 a4 41. Rg1 a3 42. Rg2 Re3 43. Rg1 Re2+ 44. Rg2 Rb2 45. Kh1 Kf3 46. Rg1 Rxa2 47. g4 Rb2 48. gxf5 a2 49. Rf1+ Kg4 50. f6 Rb1 0-1

[Event "Mittelfranken Mitte-ch 0809"]
[Site "Zirndorf"]
[Date "2009.01.10"]
[Round "5"]
[White "Yarsev, Alexander"]
[Black "Leis, Stefan"]
[Result "0-1"]
[WhiteElo "1267"]
[BlackElo "1736"]
[PlyCount "96"]
[EventDate "2009.01.06"]
[EventType "swiss"]
[EventRounds "7"]
[EventCountry "GER"]
[SourceTitle "EXT 2015"]
[Source "ChessBase"]
[SourceDate "2014.11.20"]
[SourceVersion "1"]
[SourceVersionDate "2014.11.20"]
[SourceQuality "1"]

1. e4 c5 2. Nf3 e6 3. d4 cxd4 4. Nxd4 Nc6 5. Be2 a6 6. 0-0 Qc7 7. Nc3 Nf6 8. Bf3 Ne5 9. Bf4 Bd6 10. Bg3 Nxf3+ 11. Qxf3 Bxg3 12. fxg3 d6 13. Kh1 Bd7 14. g4 h6 15. Rae1 0-0-0 16. Qg3 Qc5 17. Nb3 Qe5 18. Qxe5 dxe5 19. Nc5 Bc6 20. Nd3 Bb5 21. Nxb5 axb5 22. Rf2 Nxg4 23. Rxf7 Rhf8 24. Rxg7 Nf2+ 25. Nxf2 Rxf2 26. Rc1 Rdd2 27. Rh7 Rxc2 28. Rxc2+ Rxc2 29. h3 Rxb2 30. Rxh6 Rxa2 31. Rxe6 Kd7 32. Rxe5 Kc6 33. Rd5 Re2 34. Rd1 b4 35. g4 Kc5 36. g5 Rxe4 37. Kg2 b3 38. Kf3 Rd4 39. Re1 Rh4 40. Rb1 Rxh3+ 41. Kf2 Kc4 42. g6 Rh8 43. g7 Rg8 44. Rg1 Kc3 45. Ke3 b2 46. Kf4 Rxg7 47. Rxg7 b1Q 48. Rc7+ Kd4 0-1

[Event "Nuremberg LGA Cup 5th"]
[Site "Nuremberg"]
[Date "2008.09.06"]
[Round "5.84"]
[White "Junk, Philipp"]
[Black "Yarsev, Alexander"]
[Result "1-0"]
[WhiteElo "1734"]
[BlackElo "1221"]
[PlyCount "35"]
[EventDate "2008.09.04"]
[EventType "swiss"]
[EventRounds "7"]
[EventCountry "GER"]
[SourceTitle "EXT 2022"]
[Source "ChessBase"]
[SourceDate "2021.10.06"]
[SourceVersion "1"]
[SourceVersionDate "2021.10.06"]
[SourceQuality "1"]

1. e4 e5 2. f4 exf4 3. Nf3 Nc6 4. Bc4 Bc5 5. d4 Bb6 6. c3 Nf6 7. e5 Ng4 8. Bxf4 f6 9. exf6 Qxf6 10. Bg5 Qf8 11. Qe2+ Ne7 12. 0-0 d6 13. Nbd2 Bd7 14. Rae1 Nf6 15. Nh4 c6 16. Ne4 d5 17. Nxf6+ gxf6 18. Bxf6 1-0

[Event "Nuremberg LGA Cup 5th"]
[Site "Nuremberg"]
[Date "2008.09.04"]
[Round "1.88"]
[White "Haubold, Martin"]
[Black "Yarsev, Alexander"]
[Result "1-0"]
[WhiteElo "2080"]
[BlackElo "1221"]
[PlyCount "39"]
[EventDate "2008.09.04"]
[EventType "swiss"]
[EventRounds "7"]
[EventCountry "GER"]
[SourceTitle "EXT 2022"]
[Source "ChessBase"]
[SourceDate "2021.10.06"]
[SourceVersion "1"]
[SourceVersionDate "2021.10.06"]
[SourceQuality "1"]

1. d4 d5 2. c4 c6 3. Nc3 Nf6 4. Nf3 Nbd7 5. h3 dxc4 6. a4 e6 7. e4 Bb4 8. e5 Bxc3+ 9. bxc3 Nd5 10. Qc2 Qa5 11. Bd2 b5 12. Be2 Qc7 13. 0-0 Bb7 14. Ng5 h6 15. Nxe6 fxe6 16. Qg6+ Kf8 17. Bh5 N7b6 18. a5 Na4 19. f4 Bc8 20. Qe8# 1-0